<?xml version="1.0" encoding="UTF-8"?>
<record
    xmlns:xsi="http://www.w3.org/2001/XMLSchema-instance"
    xsi:schemaLocation="http://www.loc.gov/MARC21/slim http://www.loc.gov/standards/marcxml/schema/MARC21slim.xsd"
    xmlns="http://www.loc.gov/MARC21/slim">

  <leader>01597cam a2200217   4500500</leader>
  <controlfield tag="005">20250112063539.0</controlfield>
  <datafield tag="041" ind1=" " ind2=" ">
    <subfield code="a">fre</subfield>
  </datafield>
  <datafield tag="042" ind1=" " ind2=" ">
    <subfield code="a">dc</subfield>
  </datafield>
  <datafield tag="100" ind1="1" ind2="0">
    <subfield code="a">Riceputi, Fabrice</subfield>
    <subfield code="e">author</subfield>
  </datafield>
  <datafield tag="245" ind1="0" ind2="0">
    <subfield code="a">Paul Teitgen and torture during the Algerian War</subfield>
  </datafield>
  <datafield tag="260" ind1=" " ind2=" ">
    <subfield code="c">2019.
							</subfield>
  </datafield>
  <datafield tag="500" ind1=" " ind2=" ">
    <subfield code="a">18</subfield>
  </datafield>
  <datafield tag="520" ind1=" " ind2=" ">
    <subfield code="a">During the summer of 1956, Paul Teitgen, a high-ranking civil servant, was appointed to the Algiers police prefecture by the Guy Mollet government. Although he was entrusted with the mission of &#x201C;republicanising&#x201D; the colonial police force, by January 1957, Teitgen had in fact become a central figure of the &#x201C;Battle of Algiers&#x201D;. As a former member of the French Resistance and a survivor of Gestapo torture chambers and Nazi concentration camps, Teitgen was outraged by the routine use of torture and forced disappearance during the Algerian war. Attempting to criticise these actions from the perspective of his Christian and Republican values, Teitgen ended up publicly denouncing the crimes committed by the French Army. Drawing on the archives of the Algiers police prefecture, this article describes an exceptional and highly painful act of betrayal with echoes of the Dreyfus affair, set against the backdrop of a colonial war.</subfield>
  </datafield>
  <datafield tag="690" ind1=" " ind2=" ">
    <subfield code="a">torture</subfield>
  </datafield>
  <datafield tag="690" ind1=" " ind2=" ">
    <subfield code="a">colonial French Republic</subfield>
  </datafield>
  <datafield tag="690" ind1=" " ind2=" ">
    <subfield code="a">Paul Teitgen</subfield>
  </datafield>
  <datafield tag="690" ind1=" " ind2=" ">
    <subfield code="a">&#x201C;Battle of Algiers&#x201D;</subfield>
  </datafield>
  <datafield tag="690" ind1=" " ind2=" ">
    <subfield code="a">Algeria</subfield>
  </datafield>
  <datafield tag="786" ind1="0" ind2=" ">
    <subfield code="n">20 &amp;amp; 21. Revue d'histoire | o  142 | 2 | 2019-02-28 | p. 3-17 | 0294-1759</subfield>
  </datafield>
  <datafield tag="856" ind1="4" ind2="1">
    <subfield code="u">https://shs.cairn.info/journal-vingt-et-vingt-et-un-revue-d-histoire-2019-2-page-3?lang=en</subfield>
  </datafield>
  <datafield tag="999" ind1=" " ind2=" ">
    <subfield code="c">234257</subfield>
    <subfield code="d">234257</subfield>
  </datafield>
</record>
